[Event "British Championship"]
[Site "Torquay"]
[Date "2009.07.27"]
[Round "1.1"]
[White "Eggleston, David"]
[Black "Conquest, Stuart"]
[Result "1-0"]
[WhiteElo "2341"]
[BlackElo "2572"]
[PlyCount "81"]
[EventDate "2009.07.27"]
[EventRounds "11"]
[EventCountry "ENG"]
[SourceDate "2009.07.27"]

1. e4 c5 2. Nf3 e6 3. d4 cxd4 4. Nxd4 Nf6 5. Nc3 d6 6. g4 h6 7. h4 Nc6 8. Rg1
h5 9. g5 Ng4 10. Be2 g6 11. Nxc6 bxc6 12. Bxg4 hxg4 13. Qxg4 Bg7 14. Qg3 Rb8
15. a3 Ba6 16. Rh1 Rh5 17. b3 Bd4 18. Bb2 Qb6 19. O-O-O e5 20. Rd2 Qc7 21. Nd1
c5 22. Ne3 Bxe3 23. Qxe3 c4 24. b4 Bb7 25. Rhd1 Rxh4 26. Rxd6 c3 27. Bxc3 Rc8
28. Kb2 Bxe4 29. Qg3 Qxc3+ 30. Qxc3 Rxc3 31. Kxc3 Bf5 32. Rd8+ Ke7 33. Ra8 Rh3+
34. Kb2 Be4 35. Rxa7+ Ke6 36. Ra6+ Kf5 37. Re1 Rh7 38. b5 Bg2 39. Rd6 Rh8 40.
Rf6+ Kxg5 41. Rxf7 1-0

[Event "British Championship"]
[Site "Torquay"]
[Date "2009.07.27"]
[Round "1.2"]
[White "Howell, David"]
[Black "Littlewood, Paul E"]
[Result "1-0"]
[WhiteElo "2614"]
[BlackElo "2358"]
[PlyCount "133"]
[EventDate "2009.07.27"]
[EventRounds "11"]
[EventCountry "ENG"]
[SourceDate "2009.07.27"]

1. e4 e5 2. Nf3 Nc6 3. Bb5 a6 4. Ba4 Nf6 5. O-O Be7 6. Re1 b5 7. Bb3 d6 8. c3
O-O 9. a4 b4 10. a5 Rb8 11. Bc4 bxc3 12. dxc3 Na7 13. Be3 Nb5 14. Qc2 Be6 15.
Bxe6 fxe6 16. c4 Nd4 17. Nxd4 exd4 18. Bxd4 c5 19. Bc3 Ng4 20. f3 Ne5 21. Nd2
Nc6 22. e5 dxe5 23. Qe4 Nd4 24. Rad1 Rf5 25. Nf1 Bd6 26. Ng3 Rf4 27. Qd3 Qe8
28. Re4 Rxe4 29. Qxe4 Qa4 30. Qd3 Rf8 31. Re1 Qc6 32. Qe4 Qxe4 33. Nxe4 Be7 34.
Nf2 Bd6 35. Bxd4 cxd4 36. Nd3 Rb8 37. Kf1 Kf7 38. Ke2 Kf6 39. Kd1 Rc8 40. b3
Rb8 41. Kc2 h5 42. c5 Bc7 43. b4 g5 44. Kb3 g4 45. Kc4 gxf3 46. gxf3 Rg8 47. c6
Rg2 48. Rc1 Ke7 49. Nc5 e4 50. fxe4 Bf4 51. Rf1 Bxh2 52. Nxa6 Rc2+ 53. Kxd4
Rxc6 54. Nc5 Bd6 55. Kc4 Rc8 56. Rh1 Bxc5 57. bxc5 Ra8 58. Kb5 Rb8+ 59. Kc6
Rc8+ 60. Kb6 Rb8+ 61. Kc7 Rb5 62. a6 Rxc5+ 63. Kb6 Rc2 64. Rxh5 Kd7 65. a7 Rc6+
66. Kb5 Rc8 67. e5 1-0

[Event "British Championship"]
[Site "Torquay"]
[Date "2009.07.27"]
[Round "1.3"]
[White "Jones, Gawain C"]
[Black "Sowray, Peter J"]
[Result "1-0"]
[WhiteElo "2554"]
[BlackElo "2335"]
[PlyCount "143"]
[EventDate "2009.07.27"]
[EventRounds "11"]
[EventCountry "ENG"]
[SourceDate "2009.07.27"]

1. e4 c5 2. Nc3 e6 3. f4 d5 4. Nf3 dxe4 5. Nxe4 Nc6 6. g3 Nh6 7. d3 Nf5 8. c3
h5 9. Qe2 b6 10. Bg2 Bb7 11. Be3 Be7 12. Bf2 Qc7 13. Nfg5 Bxg5 14. fxg5 O-O-O
15. O-O-O Ne5 16. h3 c4 17. dxc4 Qxc4 18. Qxc4+ Nxc4 19. b3 Nce3 20. Bxe3 Nxe3
21. Nd6+ Rxd6 22. Bxb7+ Kc7 23. Rxd6 Kxd6 24. Be4 Ke5 25. Bd3 h4 26. Kd2 Nd5
27. Re1+ Kd6 28. g4 Nf4 29. Bf1 e5 30. Ke3 Rc8 31. Rd1+ Ke7 32. c4 a5 33. Ke4
Ke6 34. a3 Rc6 35. Rd5 Ng6 36. b4 axb4 37. axb4 Rd6 38. Rb5 Kd7 39. Ke3 Kc7 40.
Be2 Rd4 41. Bd3 Nf4 42. Rxe5 Rxd3+ 43. Kxf4 Kd6 44. Re3 Rd1 45. g6 f6 46. Ra3
Rf1+ 47. Ke4 Re1+ 48. Kf3 Rc1 49. Ra7 Rc3+ 50. Kg2 f5 51. gxf5 Ke5 52. Rxg7
Kxf5 53. Rh7 Rxc4 54. g7 Rc2+ 55. Kf1 Rc1+ 56. Kf2 Rc2+ 57. Ke3 Rg2 58. Kd4 Kf6
59. Rxh4 Rxg7 60. Rh6+ Ke7 61. Rxb6 Rg1 62. Rh6 Kd7 63. Kc5 Kc7 64. Rh7+ Kc8
65. h4 Rc1+ 66. Kb6 Rf1 67. b5 Rf5 68. h5 Re5 69. h6 Re6+ 70. Ka7 Re1 71. Rh8+
Kc7 72. b6+ 1-0

[Event "British Championship"]
[Site "Torquay"]
[Date "2009.07.27"]
[Round "1.4"]
[White "Lalic, Susan"]
[Black "Gordon, Stephen J"]
[Result "0-1"]
[WhiteElo "2334"]
[BlackElo "2537"]
[PlyCount "100"]
[EventDate "2009.07.27"]
[EventRounds "11"]
[EventCountry "ENG"]
[SourceDate "2009.07.27"]

1. e4 c5 2. Nc3 Nc6 3. g3 g6 4. Bg2 Bg7 5. d3 d6 6. Nge2 e6 7. Be3 Nd4 8. O-O
Ne7 9. a3 O-O 10. Rb1 b6 11. b4 Bb7 12. Qd2 Qd7 13. Rfc1 f5 14. Bh6 Bxh6 15.
Qxh6 Nec6 16. f4 Rac8 17. b5 Nxe2+ 18. Nxe2 Nd4 19. Nxd4 cxd4 20. Rb4 e5 21.
Qh3 Rc5 22. exf5 gxf5 23. fxe5 dxe5 24. Bxb7 Qxb7 25. Qh5 Qg7 26. Rc4 Rxc4 27.
dxc4 e4 28. Rf1 Qg6 29. Qd1 Qd6 30. Qh5 Qc5 31. Kg2 Kh8 32. Rf4 e3 33. Qe2 Re8
34. a4 Re4 35. Rf1 Qe5 36. Rf3 f4 37. g4 Kg7 38. h4 Qe6 39. Rf1 Qf6 40. Kf3 Re7
41. g5 Qf5 42. Kg2 Qe4+ 43. Kh3 Rf7 44. Rf3 Qf5+ 45. Kh2 Qg4 46. Qg2 Qxg2+ 47.
Kxg2 Kg6 48. Rh3 f3+ 49. Kf1 Kh5 50. Rg3 f2 0-1

[Event "British Championship"]
[Site "Torquay"]
[Date "2009.07.27"]
[Round "1.5"]
[White "Williams, Simon Kim"]
[Black "Rudd, Jack"]
[Result "1-0"]
[WhiteElo "2527"]
[BlackElo "2326"]
[PlyCount "43"]
[EventDate "2009.07.27"]
[EventRounds "11"]
[EventCountry "ENG"]
[SourceDate "2009.07.27"]

1. d4 Nf6 2. c4 c5 3. d5 e6 4. Nf3 b5 5. Bg5 exd5 6. cxd5 h6 7. Bxf6 Qxf6 8.
Qc2 d6 9. e4 a6 10. a4 b4 11. Nbd2 Bg4 12. e5 Qe7 13. Ne4 Bxf3 14. Nxd6+ Kd8
15. Qf5 Bg4 16. Nxf7+ Ke8 17. Qxg4 Kxf7 18. Qf5+ Ke8 19. d6 Qb7 20. Be2 Nc6 21.
Bf3 Ra7 22. O-O-O 1-0

[Event "British Championship"]
[Site "Torquay"]
[Date "2009.07.27"]
[Round "1.6"]
[White "Hawkins, Jonathan"]
[Black "Arkell, Keith C"]
[Result "1-0"]
[WhiteElo "2325"]
[BlackElo "2521"]
[PlyCount "79"]
[EventDate "2009.07.27"]
[EventRounds "11"]
[EventCountry "ENG"]
[SourceDate "2009.07.27"]

1. d4 e6 2. c4 Bb4+ 3. Nc3 c5 4. d5 f5 5. Qd3 Nf6 6. Bd2 O-O 7. Nh3 Bxc3 8.
Bxc3 Ne4 9. e3 Qe7 10. Be2 e5 11. O-O Nxc3 12. Qxc3 d6 13. f4 Nd7 14. Rae1 Re8
15. Bh5 g6 16. Bf3 Nf6 17. Nf2 e4 18. Be2 b5 19. cxb5 Nxd5 20. Qd2 Be6 21. Rc1
Nb6 22. a3 d5 23. b4 cxb4 24. axb4 Nc4 25. Qd4 Qg7 26. Qxg7+ Kxg7 27. Nd1 Rab8
28. Bxc4 dxc4 29. Nc3 Red8 30. Rc2 Rd6 31. Ra1 Rb7 32. Rca2 Rdd7 33. Kf2 Kh6
34. Ne2 c3 35. Ra6 Bc4 36. Nd4 Kh5 37. h3 Bxb5 38. g4+ Kh4 39. Nxf5+ Kxh3 40.
Rh1+ 1-0

[Event "British Championship"]
[Site "Torquay"]
[Date "2009.07.27"]
[Round "1.7"]
[White "Wells, Peter K"]
[Black "Lewis, Andrew P"]
[Result "1-0"]
[WhiteElo "2498"]
[BlackElo "2281"]
[PlyCount "65"]
[EventDate "2009.07.27"]
[EventRounds "11"]
[EventCountry "ENG"]
[SourceDate "2009.07.27"]

1. d4 Nf6 2. Bg5 d6 3. Bxf6 exf6 4. c4 g6 5. Nc3 Bg7 6. g3 f5 7. e3 c5 8. Nge2
cxd4 9. Nxd4 Nc6 10. Nde2 Qa5 11. Rc1 Be6 12. Nf4 O-O 13. Qb3 Ne5 14. Be2 Rac8
15. Nxe6 fxe6 16. O-O a6 17. c5 d5 18. Qxb7 Rb8 19. Qxa6 Qxa6 20. Bxa6 Rxb2 21.
a4 Nf3+ 22. Kg2 Nd2 23. c6 Be5 24. Nb5 Ra2 25. c7 Bxc7 26. Nxc7 Nxf1 27. Bxf1
Rxa4 28. Nxe6 Rb8 29. Be2 Rb2 30. Bf3 Raa2 31. Rf1 Rd2 32. Nd4 Ra5 33. Nb3 1-0

[Event "British Championship"]
[Site "Torquay"]
[Date "2009.07.27"]
[Round "1.8"]
[White "Storey, Charles"]
[Black "Gormally, Daniel"]
[Result "0-1"]
[WhiteElo "2279"]
[BlackElo "2490"]
[PlyCount "80"]
[EventDate "2009.07.27"]
[EventRounds "11"]
[EventCountry "ENG"]
[SourceDate "2009.07.27"]

1. e4 c5 2. Nf3 d6 3. d4 cxd4 4. Nxd4 Nf6 5. Nc3 a6 6. Be2 e5 7. Nb3 Be6 8. O-O
Be7 9. Kh1 O-O 10. f4 exf4 11. Bxf4 Nc6 12. Qe1 Nd7 13. Rd1 Nde5 14. Nd5 Rc8
15. c4 Bg5 16. Bg3 b6 17. Qf2 Rb8 18. Nd4 Bxd5 19. exd5 Nxd4 20. Qxd4 Bf6 21.
b4 Re8 22. Qf2 a5 23. bxa5 bxa5 24. Rb1 Rc8 25. Qa7 Nxc4 26. Bxc4 Rxc4 27. Rb6
Qc8 28. Rxd6 h5 29. h4 Rc1 30. Rxc1 Qxc1+ 31. Kh2 Qc2 32. Rxf6 gxf6 33. d6 Qc6
34. Qf2 Qd5 35. a4 Kg7 36. Qb2 Re4 37. Qb5 Rd4 38. d7 Qxb5 39. axb5 Rxd7 40. b6
Rb7 0-1

[Event "British Championship"]
[Site "Torquay"]
[Date "2009.07.27"]
[Round "1.9"]
[White "Trent, Lawrence"]
[Black "Hanley, James L"]
[Result "1-0"]
[WhiteElo "2471"]
[BlackElo "2277"]
[PlyCount "93"]
[EventDate "2009.07.27"]
[EventRounds "11"]
[EventCountry "ENG"]
[SourceDate "2009.07.27"]

1. e4 c5 2. Nf3 e6 3. Nc3 Nc6 4. d4 cxd4 5. Nxd4 Qc7 6. Be3 a6 7. Bd3 Nf6 8.
O-O Ne5 9. h3 b5 10. f4 Nc4 11. Bxc4 Qxc4 12. e5 Nd5 13. Nxd5 Qxd5 14. Qe2 Bc5
15. Nb3 Bxe3+ 16. Qxe3 Bb7 17. Qg3 O-O 18. Rad1 Qc6 19. f5 exf5 20. Nd4 Qg6 21.
Nxf5 Qxg3 22. Nxg3 Bc6 23. Nf5 Rae8 24. Rfe1 f6 25. exf6 Rxe1+ 26. Rxe1 Rxf6
27. g4 g6 28. Nd4 Kf7 29. c3 Rf4 30. a3 Kf6 31. Re8 Kg5 32. Re5+ Kh4 33. Nxc6
dxc6 34. Kg2 Rf6 35. Re7 h6 36. Re4 Rd6 37. Rd4 Re6 38. Rd2 a5 39. Rf2 a4 40.
Rd2 Re3 41. Rd6 Re2+ 42. Kf3 Rxb2 43. Rxg6 Rb3 44. Rxh6+ Kg5 45. Rxc6 Rxa3 46.
h4+ Kxh4 47. Rc5 1-0

[Event "British Championship"]
[Site "Torquay"]
[Date "2009.07.27"]
[Round "1.10"]
[White "Briscoe, Christopher"]
[Black "Hebden, Mark"]
[Result "0-1"]
[WhiteElo "2268"]
[BlackElo "2468"]
[PlyCount "44"]
[EventDate "2009.07.27"]
[EventRounds "11"]
[EventCountry "ENG"]
[SourceDate "2009.07.27"]

1. e4 e5 2. Nf3 Nc6 3. Bb5 a6 4. Ba4 Nf6 5. O-O Be7 6. Qe2 b5 7. Bb3 O-O 8. c3
d5 9. exd5 Bg4 10. dxc6 e4 11. d4 exf3 12. gxf3 Bh5 13. Bg5 Re8 14. Nd2 Nd5 15.
Bxe7 Rxe7 16. Qd3 Bg6 17. Ne4 Nf4 18. Qd2 Rxe4 19. Kh1 Qg5 20. Rg1 Qf6 21. Rg4
h5 22. fxe4 Bxe4+ 0-1

[Event "British Championship"]
[Site "Torquay"]
[Date "2009.07.27"]
[Round "1.11"]
[White "Summerscale, Aaron"]
[Black "Addison, Bret"]
[Result "1-0"]
[WhiteElo "2454"]
[BlackElo "2266"]
[PlyCount "87"]
[EventDate "2009.07.27"]
[EventRounds "11"]
[EventCountry "ENG"]
[SourceDate "2009.07.27"]

1. Nf3 f5 2. d4 Nf6 3. g3 g6 4. Bg2 Bg7 5. c4 O-O 6. O-O d6 7. Nc3 Qe8 8. Re1
Qf7 9. e4 Nxe4 10. Nxe4 fxe4 11. Rxe4 Nc6 12. Be3 h6 13. d5 Ne5 14. Nxe5 dxe5
15. c5 a5 16. Qd2 g5 17. Ra4 Bf5 18. Rxa5 Rad8 19. Ra7 c6 20. d6 exd6 21. cxd6
Rd7 22. Qb4 Rfd8 23. Rd1 Bf8 24. Bc5 Be6 25. Qa5 Bg4 26. Rd2 Qf6 27. Qb4 Qf5
28. Be4 Qe6 29. Rxb7 Qxa2 30. Bxc6 Qb1+ 31. Kg2 Qf5 32. h3 Bxh3+ 33. Kh2 Rxb7
34. Qxb7 Bg4 35. Be4 Qd7 36. Qd5+ Qe6 37. b4 Kf7 38. Qd3 Kg7 39. Qd5 Qxd5 40.
Rxd5 Kf6 41. b5 Be6 42. Rd2 h5 43. b6 h4 44. b7 1-0

[Event "British Championship"]
[Site "Torquay"]
[Date "2009.07.27"]
[Round "1.12"]
[White "Zhou, Yang Fan"]
[Black "Greet, Andrew"]
[Result "0-1"]
[WhiteElo "2265"]
[BlackElo "2443"]
[PlyCount "102"]
[EventDate "2009.07.27"]
[EventRounds "11"]
[EventCountry "ENG"]
[SourceDate "2009.07.27"]

1. e4 e5 2. Nf3 Nc6 3. d4 exd4 4. Bc4 Nf6 5. e5 d5 6. Bb5 Ne4 7. Nxd4 Bd7 8.
Bxc6 bxc6 9. O-O Bc5 10. f3 Ng5 11. f4 Ne4 12. Be3 Bb6 13. Nc3 Nxc3 14. bxc3
O-O 15. Qd2 f6 16. Nb3 Qe7 17. Rfe1 fxe5 18. fxe5 Rae8 19. Kh1 Bf5 20. Bg5 Qf7
21. Nd4 Be4 22. Bh4 c5 23. Nf3 Bxf3 24. gxf3 Qxf3+ 25. Qg2 Re6 26. c4 d4 27.
Re4 Qxg2+ 28. Kxg2 Rf5 29. Bg3 Kf7 30. a4 Ba5 31. Rb1 Bb4 32. Rb3 Ke7 33. Rf3
Rxf3 34. Kxf3 Ba5 35. Rh4 h6 36. Ke4 c6 37. Rg4 g6 38. Bh4+ g5 39. Bg3 Bd2 40.
Kf5 Kf7 41. Re4 Be3 42. h4 Re8 43. e6+ Ke7 44. Kg6 Rf8 45. Be5 gxh4 46. Kg7 Rf2
47. Bd6+ Ke8 48. c3 h3 49. Bxc5 Rf4 50. Re5 Rg4+ 51. Kh7 Rg5 0-1

[Event "British Championship"]
[Site "Torquay"]
[Date "2009.07.27"]
[Round "1.13"]
[White "Cobb, James"]
[Black "Constantinou, Peter"]
[Result "1/2-1/2"]
[WhiteElo "2432"]
[BlackElo "2264"]
[PlyCount "62"]
[EventDate "2009.07.27"]
[EventRounds "11"]
[EventCountry "ENG"]
[SourceDate "2009.07.27"]

1. d4 d5 2. Nf3 Nf6 3. e3 Bg4 4. c4 c6 5. Nc3 e6 6. Qb3 Qb6 7. Ne5 Bf5 8. c5
Qc7 9. Be2 Nbd7 10. g4 Bg6 11. Nxg6 hxg6 12. g5 Ng8 13. Bd2 Ne7 14. O-O-O Nf5
15. f4 Rb8 16. Kb1 b6 17. cxb6 Nxb6 18. Qc2 Rh3 19. Qc1 Qb7 20. Ka1 Bb4 21. Bg4
Rh4 22. Bxf5 gxf5 23. b3 Nd7 24. Na4 Bd6 25. h3 Rc8 26. Qb2 Qa6 27. Be1 Rh5 28.
Rc1 Ke7 29. Nc5 Qb5 30. Rh2 g6 31. Qc3 Rch8 1/2-1/2

[Event "British Championship"]
[Site "Torquay"]
[Date "2009.07.27"]
[Round "1.14"]
[White "White, Michael"]
[Black "Palliser, Richard"]
[Result "0-1"]
[WhiteElo "2259"]
[BlackElo "2413"]
[PlyCount "58"]
[EventDate "2009.07.27"]
[EventRounds "11"]
[EventCountry "ENG"]
[SourceDate "2009.07.27"]

1. Nf3 c5 2. c4 Nf6 3. d4 cxd4 4. Nxd4 e5 5. Nb5 d5 6. cxd5 Bc5 7. e3 O-O 8.
N1c3 a6 9. Na3 e4 10. Nc2 Nbd7 11. b4 Bd6 12. Bb2 Qe7 13. a3 Ne5 14. Be2 Bf5
15. Nd4 Bg6 16. Qd2 Nfd7 17. h4 h6 18. h5 Bh7 19. Nb3 Nd3+ 20. Bxd3 exd3 21.
O-O-O a5 22. bxa5 Ne5 23. e4 Bxa3 24. Bxa3 Qxa3+ 25. Qb2 Qb4 26. Nd2 Qxa5 27.
Kb1 Rfc8 28. Rc1 Nc4 29. Nb3 Qb6 0-1

[Event "British Championship"]
[Site "Torquay"]
[Date "2009.07.27"]
[Round "1.15"]
[White "Buckley, Graeme"]
[Black "Anderson, John"]
[Result "1/2-1/2"]
[WhiteElo "2398"]
[BlackElo "2248"]
[PlyCount "105"]
[EventDate "2009.07.27"]
[EventRounds "11"]
[EventCountry "ENG"]
[SourceDate "2009.07.27"]

1. d4 d5 2. c4 c6 3. Nf3 Nf6 4. Nc3 dxc4 5. a4 Bf5 6. Ne5 Nbd7 7. Nxc4 Nb6 8.
Ne5 a5 9. g3 e6 10. Bg2 Bb4 11. O-O O-O 12. e3 h6 13. Qe2 Qe7 14. Bd2 Nfd7 15.
Nxd7 Nxd7 16. e4 Bh7 17. Rfd1 Rfd8 18. Rac1 Nf6 19. Be1 Rd7 20. f4 Rad8 21. Bf2
Ne8 22. g4 Nc7 23. Rd3 c5 24. Rcd1 cxd4 25. Rxd4 Rxd4 26. Rxd4 Rxd4 27. Bxd4 g5
28. f5 e5 29. Bf2 f6 30. Qc4+ Kg7 31. Nd5 Nxd5 32. exd5 h5 33. h3 hxg4 34. hxg4
Bg8 35. Bb6 Bf7 36. Qc7 Qxc7 37. Bxc7 Be8 38. b3 b5 39. axb5 Bxb5 40. d6 Kf8
41. Bd8 Bxd6 42. Bxf6 Be2 43. Bxg5 Bxg4 44. Be4 Bd1 45. Bd5 a4 46. bxa4 Bxa4
47. Kf2 Bc2 48. f6 Ke8 49. Be6 Bg6 50. Bd5 e4 51. Ke2 Be5 52. Ke3 Bb2 53. f7+
1/2-1/2

[Event "British Championship"]
[Site "Torquay"]
[Date "2009.07.27"]
[Round "1.16"]
[White "McPhillips, Karl"]
[Black "Houska, Jovanka"]
[Result "1/2-1/2"]
[WhiteElo "2231"]
[BlackElo "2392"]
[PlyCount "111"]
[EventDate "2009.07.27"]
[EventRounds "11"]
[EventCountry "ENG"]
[SourceDate "2009.07.27"]

1. d4 Nf6 2. Nf3 d5 3. c4 c6 4. e3 a6 5. Bd3 Bg4 6. Nbd2 e6 7. O-O Nbd7 8. Qc2
Bd6 9. b3 O-O 10. Bb2 Qb8 11. h3 Bh5 12. Ng5 Bg6 13. Bxg6 hxg6 14. e4 Bh2+ 15.
Kh1 Bf4 16. Ndf3 Bxg5 17. Nxg5 Nxe4 18. Nxe4 dxe4 19. Qxe4 Rd8 20. Rad1 Nf6 21.
Qf3 Qd6 22. Bc3 a5 23. a4 b5 24. Bd2 bxc4 25. bxc4 Rdc8 26. Bc3 Qa3 27. Ra1 Qb3
28. Qd3 Ne4 29. Qxe4 Qxc3 30. Rfc1 Qd2 31. Qe3 Qb4 32. Qd3 Rab8 33. Rcb1 Qe7
34. Rxb8 Rxb8 35. Rb1 Rxb1+ 36. Qxb1 Qb4 37. Qc2 Qe1+ 38. Kh2 Qa1 39. Qd2 Qxa4
40. Qg5 f6 41. Qxg6 Kf8 42. Qh5 Qb4 43. Qh8+ Kf7 44. Qd8 Qxc4 45. Qxa5 Qb5 46.
Qc7+ Kg6 47. h4 Qf5 48. f3 Qd5 49. Qg3+ Kf7 50. Qc7+ Kg6 51. Qg3+ Kf7 52. Qc7+
Kg8 53. Qc8+ Kh7 54. Qe8 Qxd4 55. Qh5+ Kg8 56. Qe8+ 1/2-1/2

[Event "British Championship"]
[Site "Torquay"]
[Date "2009.07.27"]
[Round "1.17"]
[White "Kolbus, Dietmar"]
[Black "Sugden, John N"]
[Result "1/2-1/2"]
[WhiteElo "2383"]
[BlackElo "2217"]
[PlyCount "100"]
[EventDate "2009.07.27"]
[EventRounds "11"]
[EventCountry "ENG"]
[SourceDate "2009.07.27"]

1. c4 e5 2. g3 Nc6 3. Bg2 g6 4. Nc3 Bg7 5. e3 d6 6. Nge2 f5 7. d3 Nf6 8. Nd5
Ne7 9. Nxf6+ Bxf6 10. d4 O-O 11. O-O c6 12. d5 c5 13. Bd2 g5 14. Qc2 Ng6 15. f4
gxf4 16. exf4 e4 17. Bc3 Rb8 18. a4 a6 19. a5 b5 20. axb6 Qxb6 21. Rfb1 Qb3 22.
Qxb3 Rxb3 23. Bxf6 Rxf6 24. Nc1 Rb6 25. b3 Rf7 26. Rb2 Kg7 27. Bf1 Kf6 28. Be2
Rg7 29. Kf1 Ne7 30. Ke1 Ng6 31. Bh5 Nf8 32. Kd2 Re7 33. Ne2 Reb7 34. Kc2 Re7
35. Nc3 Kg7 36. Nd1 Nd7 37. Ne3 Nf6 38. Bd1 h5 39. h3 Kg6 40. Kc3 Reb7 41. Ra5
Rg7 42. Rg2 Kf7 43. Raa2 Kg6 44. Rg1 Kf7 45. Rag2 Rb8 46. Rb2 Rb4 47. Ra2 Rb6
48. Rag2 Rb8 49. Ra2 Rb6 50. Rag2 Rb8 1/2-1/2

[Event "British Championship"]
[Site "Torquay"]
[Date "2009.07.27"]
[Round "1.18"]
[White "Burrows, Martin"]
[Black "Lane, Gary W"]
[Result "0-1"]
[WhiteElo "2209"]
[BlackElo "2379"]
[PlyCount "48"]
[EventDate "2009.07.27"]
[EventRounds "11"]
[EventCountry "ENG"]
[SourceDate "2009.07.27"]

1. e4 e5 2. Nf3 Nc6 3. Bb5 a6 4. Ba4 Nf6 5. O-O Nxe4 6. d4 Be7 7. Re1 f5 8.
dxe5 O-O 9. Nbd2 Nc5 10. Bxc6 dxc6 11. Nb3 Qe8 12. Nxc5 Bxc5 13. Bf4 h6 14. h4
Be6 15. Qe2 Qg6 16. c4 Rad8 17. Rad1 Rxd1 18. Rxd1 Qg4 19. g3 g5 20. Be3 Bxc4
21. Qc2 Bxe3 22. Nh2 Qxg3+ 23. Kh1 Qxh4 24. fxe3 Bd5+ 0-1

[Event "British Championship"]
[Site "Torquay"]
[Date "2009.07.27"]
[Round "1.20"]
[White "Bonafont, Philip"]
[Black "Gavriel, Tryfon"]
[Result "0-1"]
[WhiteElo "2124"]
[BlackElo "2138"]
[PlyCount "98"]
[EventDate "2009.07.27"]
[EventRounds "11"]
[EventCountry "ENG"]
[SourceDate "2009.07.27"]

1. d4 Nf6 2. Nf3 g6 3. c4 Bg7 4. Nc3 d6 5. e4 O-O 6. Be2 e5 7. d5 a5 8. Bg5 Na6
9. Nd2 c6 10. O-O cxd5 11. cxd5 Nc5 12. a4 h6 13. Be3 b6 14. f3 Nh5 15. g3 f5
16. Bf2 Nf6 17. Rb1 h5 18. b4 axb4 19. Rxb4 fxe4 20. Ndxe4 Nfxe4 21. Nxe4 Bh3
22. Re1 Bh6 23. Bb5 Ra7 24. Be3 Bxe3+ 25. Rxe3 Nxe4 26. Rbxe4 Qg5 27. Rc3 Raf7
28. Be2 Bf5 29. Rec4 e4 30. f4 Qe7 31. Qd4 Rb8 32. Rc6 Qd8 33. Qb4 Rd7 34. Ba6
Kh7 35. Qd4 Ra7 36. Bb5 Rg7 37. h4 Bg4 38. Qxe4 Rbb7 39. Qd4 Rge7 40. Kf2 Bf5
41. Bd3 Bxd3 42. Qxd3 Qd7 43. Kg2 Qg4 44. Rc2 Ra7 45. Rxd6 Rxa4 46. Rxb6 Rae4
47. Rf2 Re3 48. Qxg6+ Qxg6 49. Rxg6 Kxg6 0-1

[Event "British Championship"]
[Site "Torquay"]
[Date "2009.07.27"]
[Round "1.21"]
[White "Green, Andrew"]
[Black "Shaw, Peter"]
[Result "0-1"]
[WhiteElo "2203"]
[BlackElo "2123"]
[PlyCount "42"]
[EventDate "2009.07.27"]
[EventRounds "11"]
[EventCountry "ENG"]
[SourceDate "2009.07.27"]

1. e4 e6 2. d3 d5 3. Qe2 Be7 4. g3 Nf6 5. e5 Nfd7 6. f4 c5 7. Nf3 Nc6 8. Bg2 b5
9. O-O a5 10. Nbd2 Ba6 11. c3 a4 12. f5 exf5 13. e6 Nb6 14. exf7+ Kxf7 15. g4
Re8 16. Ne5+ Nxe5 17. Qxe5 Qd7 18. Rxf5+ Kg8 19. Nf1 Bd6 20. Bxd5+ Kh8 21. Rf7
Qxg4+ 0-1

[Event "British Championship"]
[Site "Torquay"]
[Date "2009.07.27"]
[Round "1.22"]
[White "Littlewood, John Eric"]
[Black "Salimbeni, George"]
[Result "0-1"]
[WhiteElo "2188"]
[BlackElo "2115"]
[PlyCount "40"]
[EventDate "2009.07.27"]
[EventRounds "11"]
[EventCountry "ENG"]
[SourceDate "2009.07.27"]

1. e4 e5 2. Nf3 Nc6 3. Bb5 a6 4. Ba4 Nf6 5. Qe2 b5 6. Bb3 Be7 7. a4 Bb7 8. axb5
axb5 9. Rxa8 Bxa8 10. Qxb5 Nxe4 11. Qd5 Nd6 12. Nxe5 Bf6 13. Ng4 O-O 14. Qf3
Nd4 15. Nxf6+ Kh8 16. Qf4 Qe7+ 17. Qe3 Qxf6 18. O-O Re8 19. Qh3 Ne2+ 20. Kh1
Nf4 0-1

[Event "British Championship"]
[Site "Torquay"]
[Date "2009.07.27"]
[Round "1.23"]
[White "Gill, Neville"]
[Black "Ynojosa, Felix"]
[Result "0-1"]
[WhiteElo "2111"]
[BlackElo "2188"]
[PlyCount "84"]
[EventDate "2009.07.27"]
[EventRounds "11"]
[EventCountry "ENG"]
[SourceDate "2009.07.27"]

1. d4 Nf6 2. c4 g6 3. Nc3 Bg7 4. e4 d6 5. Be2 O-O 6. Nf3 e5 7. O-O Nc6 8. Be3
Bg4 9. d5 Ne7 10. Ne1 Bxe2 11. Qxe2 Nd7 12. Nd3 f5 13. f3 f4 14. Bf2 g5 15. c5
a6 16. b4 Ng6 17. Nb2 g4 18. fxg4 Qg5 19. Qf3 Nf6 20. h3 Rf7 21. Nc4 Bf8 22.
Rac1 Rg7 23. Ne2 h5 24. gxh5 Nh4 25. Bxh4 Qxh4 26. Nd2 Nxh5 27. Rc3 Be7 28. Qf2
Qg5 29. Kh2 Kh8 30. Rg1 Rag8 31. Nf1 Qg6 32. Qf3 Nf6 33. Nd2 Qh6 34. Nf1 Ng4+
35. Kh1 Bh4 36. cxd6 Nf2+ 37. Kh2 Bg3+ 38. Nfxg3 fxg3+ 39. Nxg3 Rxg3 40. dxc7
Rxf3 41. c8=Q Rxc8 42. Rxc8+ Rf8 0-1

[Event "British Championship"]
[Site "Torquay"]
[Date "2009.07.27"]
[Round "1.24"]
[White "Birtwistle, Nigel"]
[Black "Hegarty, Sarah"]
[Result "1-0"]
[WhiteElo "2186"]
[BlackElo "2098"]
[PlyCount "47"]
[EventDate "2009.07.27"]
[EventRounds "11"]
[EventCountry "ENG"]
[SourceDate "2009.07.27"]

1. e4 c5 2. c3 d5 3. exd5 Qxd5 4. d4 Nc6 5. Nf3 Nf6 6. Be3 cxd4 7. cxd4 e6 8.
Nc3 Qd6 9. a3 Be7 10. Bd3 O-O 11. O-O b6 12. Qe2 Bb7 13. Rad1 Rac8 14. Rfe1
Rfd8 15. Bb1 g6 16. Ba2 Na5 17. Ne5 Nd5 18. Ne4 Qb8 19. Bh6 Re8 20. Bxd5 exd5
21. Nd7 Qc7 22. Ndf6+ Kh8 23. Nxe8 Rxe8 24. Nf6 1-0

[Event "British Championship"]
[Site "Torquay"]
[Date "2009.07.27"]
[Round "1.26"]
[White "Fitzsimons, David"]
[Black "Reynolds, D Ian W"]
[Result "1/2-1/2"]
[WhiteElo "2167"]
[BlackElo "2092"]
[PlyCount "99"]
[EventDate "2009.07.27"]
[EventRounds "11"]
[EventCountry "ENG"]
[SourceDate "2009.07.27"]

1. e4 e5 2. d4 exd4 3. Qxd4 Nc6 4. Qe3 Nf6 5. Nc3 Bb4 6. Bd2 d6 7. O-O-O Bd7 8.
Qg3 Ne5 9. f3 c6 10. Nge2 O-O 11. Bg5 Nh5 12. Qh4 f6 13. Be3 g6 14. g4 Ng7 15.
Qg3 Nc4 16. Bd4 Qa5 17. f4 c5 18. Bf2 Ba3 19. Na4 Bxa4 20. bxa3 Bc6 21. Qb3
Qxa3+ 22. Qxa3 Nxa3 23. Nc3 a6 24. Rxd6 Nb5 25. Bxb5 axb5 26. Bxc5 Rfe8 27. Re1
Ne6 28. Be3 b4 29. Nd5 Bxd5 30. Rxd5 Rxa2 31. f5 Ra1+ 32. Kd2 Rxe1 33. Kxe1 Ng5
34. fxg6 hxg6 35. Bxg5 Rxe4+ 36. Kd2 fxg5 37. Rxg5 Kg7 38. h3 Kf6 39. Rb5 Rf4
40. Rxb7 Kg5 41. Rb6 Rf2+ 42. Kd3 Rf4 43. Ke3 Rc4 44. Kd2 Rf4 45. Kd3 Rf3+ 46.
Kc4 Rc3+ 47. Kd4 Rxc2 48. Rxb4 Rh2 49. Rb3 Kh4 50. Ke4 1/2-1/2

[Event "British Championship"]
[Site "Torquay"]
[Date "2009.07.27"]
[Round "1.27"]
[White "Tunks, Dominic"]
[Black "Varnam, Liam"]
[Result "0-1"]
[WhiteElo "2083"]
[BlackElo "2167"]
[PlyCount "82"]
[EventDate "2009.07.27"]
[EventRounds "11"]
[EventCountry "ENG"]
[SourceDate "2009.07.27"]

1. d4 d5 2. c4 Nc6 3. Nf3 Bg4 4. cxd5 Bxf3 5. dxc6 Bxc6 6. Nc3 e6 7. a3 Qh4 8.
g3 Qh5 9. e4 Qxd1+ 10. Kxd1 O-O-O 11. Be3 Bc5 12. Bb5 Bxb5 13. Nxb5 a6 14. Ke2
Bb6 15. Nc3 Bxd4 16. Bxd4 Rxd4 17. Ke3 Rd7 18. Rac1 Ne7 19. Na4 Rd6 20. Rc3
Rhd8 21. Rhc1 Rc6 22. Nc5 Rdd6 23. h4 Kb8 24. Rc4 Ka7 25. h5 e5 26. b4 b6 27.
Nd3 Rxc4 28. Rxc4 Nc6 29. Ne1 Kb7 30. Nf3 f6 31. Nh4 Nd4 32. Nf5 Nxf5+ 33. exf5
h6 34. Rc1 Rd5 35. Ke4 c6 36. Rc4 Kc7 37. Ke3 c5 38. Rg4 Rd7 39. a4 Kc6 40.
bxc5 Kxc5 41. Ke2 b5 0-1